000 02080nam a22003497i 4500
001 B-12599
003 CO-BoFNCP
007 t||
008 090928s2008 my r eng d
040 _aCO-BoFNCP
_bspa
_cCO-BoFNCP
_erda
041 _aeng
043 _amy
084 _aA-
100 1 _aPaterson, R. R. M.
_937247,
_eautor.
_4aut
245 1 0 _aAltered lignin in oil palm :
_bA novel approach to Ganoderma control.
264 4 _c©2008
300 _apáginas 219-228 :
_bTablas.
336 _atexto
_btxt
_2rdacontent
337 _asin mediación
_bn
_2rdamedia
338 _avolumen
_bnc
_2rdacarrier
504 _aIncluye referencias bibliográficas.
520 _aOil palm (OP) is an economically-significant crop in the tropics that is prone to a rot caused by Ganoderma: a white rot fungus. Fungi that rot in this manner are extraordinary organisms which degrade lignin, and leave white cellulose exposed. Surprisingly, there are no data concerning the biochemical basis of how Ganoderma rots oil palm in terms of lignocellulose biodegradation. It is necessary to consider this mode of attack for integrated control. The existing literature is concerned particularly with the mode of spread and molecular biology of Ganoderma, which are indirect ways in which to understand and control the disease. The white rot perception opens up new fields such as: (a) especially selecting/transforming for resistant cultivars of oil palm with high lignin content, (b) ensuring that the conditions for lignin decomposition are reduced, and (c) simply sealing damaged oil palm specifically to stop decay. In conclusion, the control of Ganoderma on oil palm will benefit greatly from consideration of the process as one of white rot.
650 0 _aEnfermedades de las plantas.
_99341
650 0 _aGanoderma.
_911160
650 0 _aPalma de aceite
_937678.
700 1 _aSariah, M.
_941369.
700 1 _aZainal, A.
_941370.
773 0 _aThe Planter (Malasia)
_gv. 84, no. 985 (2008), p.219-228
_wA-
_x0126-575x
942 _2z
_c1
999 _c26571
_d26571
999 _z1